[Event "Troisdorf op"]
[Site "Troisdorf"]
[Date "2014.11.11"]
[Round "4"]
[White "Friedrich, Johannes"]
[Black "Memmesheimer, Thomas"]
[Result "0-1"]
[WhiteElo "1423"]
[BlackElo "1777"]
[PlyCount "104"]
[EventDate "2014.10.21"]
[EventType "swiss"]
[EventRounds "7"]
[EventCountry "GER"]
[SourceTitle "EXT 2016"]
[Source "ChessBase"]
[SourceDate "2015.10.08"]
[SourceVersion "1"]
[SourceVersionDate "2015.10.08"]
[SourceQuality "1"]

1. e4 c6 2. d4 d5 3. e5 c5 4. Bb5+ Bd7 5. Bxd7+ Qxd7 6. Nf3 e6 7. c3 Nc6 8. Be3 cxd4 9. Nxd4 Nxe5 10. 0-0 Nf6 11. Bg5 Be7 12. Re1 Nc6 13. Nxc6 bxc6 14. Bxf6 Bxf6 15. Qe2 0-0 16. Nd2 Rab8 17. Nb3 Qe7 18. Rab1 Rfc8 19. Nd4 Bxd4 20. cxd4 c5 21. dxc5 Qxc5 22. Qe3 Qxe3 23. Rxe3 Rc2 24. Rb3 Rxb3 25. axb3 Kf8 26. Kf1 Ke7 27. Ra1 Rc7 28. Ke1 Kd6 29. Kd2 Kc5 30. Rc1+ Kb6 31. Ra1 e5 32. g3 Kb5 33. Ra4 f5 34. Rh4 g6 35. Ra4 g5 36. f4 gxf4 37. gxf4 e4 38. Rd4 Kc5 39. Ra4 Rd7 40. h3 Kb6 41. Rb4+ Kc7 42. Ra4 Kb6 43. Rb4+ Kc5 44. Ra4 Rb7 45. Ra5+ Rb5 46. Rxa7 Rxb3 47. Rxh7 Rxb2+ 48. Ke1 Kd4 49. Ra7 Ke3 50. Ra3+ Kxf4 51. h4 Rh2 52. h5 Rxh5 0-1

[Event "Troisdorf op"]
[Site "Troisdorf"]
[Date "2013.11.05"]
[Round "3"]
[White "Raabe, Joachim"]
[Black "Friedrich, Johannes"]
[Result "1-0"]
[WhiteElo "2008"]
[BlackElo "1442"]
[PlyCount "63"]
[EventDate "2013.10.22"]
[EventType "swiss"]
[EventRounds "7"]
[EventCountry "GER"]
[SourceTitle "EXT 2016"]
[Source "ChessBase"]
[SourceDate "2015.10.08"]
[SourceVersion "1"]
[SourceVersionDate "2015.10.08"]
[SourceQuality "1"]

1. e4 c5 2. Nc3 Nc6 3. Bb5 a6 4. Bxc6 dxc6 5. d3 Nf6 6. Nge2 g6 7. 0-0 Bg7 8. f4 Bg4 9. h3 Bxe2 10. Nxe2 e6 11. Qe1 b5 12. f5 exf5 13. exf5 0-0 14. Bg5 h6 15. Bd2 Nh7 16. Bc3 Bd4+ 17. Nxd4 cxd4 18. Bb4 Re8 19. Qf2 g5 20. Bc5 Re3 21. Rae1 Qe8 22. Bxd4 Rxe1 23. Rxe1 Qd7 24. Re4 f6 25. Re6 Re8 26. Qe3 Rxe6 27. fxe6 Qe8 28. Qe4 Nf8 29. e7 Ng6 30. Qe6+ Kh7 31. Bxf6 Nxe7 32. Qxe7+ 1-0

[Event "Troisdorf op"]
[Site "Troisdorf"]
[Date "2012.10.28"]
[Round "2"]
[White "Heidmann, Horst"]
[Black "Friedrich, Johannes"]
[Result "0-1"]
[WhiteElo "1649"]
[BlackElo "1323"]
[PlyCount "66"]
[EventDate "2012.10.23"]
[EventType "swiss"]
[EventRounds "7"]
[EventCountry "GER"]
[SourceTitle "EXT 2014"]
[Source "ChessBase"]
[SourceDate "2013.11.20"]
[SourceVersion "1"]
[SourceVersionDate "2013.11.20"]
[SourceQuality "1"]

1. d4 d5 2. c4 e5 3. dxe5 d4 4. Nf3 c5 5. g3 Nc6 6. Bg2 Bf5 7. 0-0 f6 8. exf6 Nxf6 9. Bg5 h6 10. Bxf6 Qxf6 11. a3 0-0-0 12. Qc1 g5 13. Nbd2 Bg7 14. Ne1 Rhe8 15. Nd3 Rxe2 16. Nxc5 d3 17. Ra2 Nd4 18. Bxb7+ Kb8 19. Bd5 Rxd5 20. cxd5 Rxd2 21. Kg2 Rc2 22. Qe1 Rxc5 23. Qe8+ Rc8 24. Qe1 Qd6 25. Qb4+ Qxb4 26. axb4 Be4+ 27. f3 Bxd5 28. Ra5 Rc2+ 29. Kh3 Bxf3 30. Re1 Re2 31. Rea1 Re7 32. Rc5 g4+ 33. Kh4 d2 0-1

[Event "Troisdorf op"]
[Site "Troisdorf"]
[Date "2011.11.08"]
[Round "3"]
[White "Reuter, Gabriel"]
[Black "Friedrich, Johannes"]
[Result "1/2-1/2"]
[WhiteElo "1465"]
[BlackElo "1307"]
[PlyCount "48"]
[EventDate "2011.10.25"]
[EventType "swiss"]
[EventRounds "7"]
[EventCountry "GER"]
[SourceTitle "EXT 2013"]
[Source "ChessBase"]
[SourceDate "2012.11.22"]
[SourceVersion "1"]
[SourceVersionDate "2012.11.22"]
[SourceQuality "1"]

1. e4 e6 2. d4 d5 3. Nd2 dxe4 4. Nxe4 Nc6 5. Nf3 Nf6 6. Nxf6+ Qxf6 7. Be3 Bd7 8. Be2 h6 9. 0-0 0-0-0 10. c3 Bd6 11. b4 e5 12. b5 Na5 13. Qa4 b6 14. d5 Qe7 15. Nd2 Kb8 16. Ne4 f5 17. Nxd6 Qxd6 18. c4 f4 19. Bd2 Nb7 20. Bb4 Nc5 21. Bxc5 Qxc5 22. Qb3 g5 23. a4 Bf5 24. Qa3 Qxa3 1/2-1/2